Skip to content
VuFind
All Fields
Title
Author
Subject
Call Number
ISBN/ISSN
Tag
Find
Advanced
The making of modern Africa
Cite this
Print
Export Record
Export to RefWorks
Export to EndNoteWeb
Export to EndNote
Export to MARC
The making of modern Africa
Bibliographic Details
Format:
Book
Holdings
Description
Similar Items
Staff View
MARC
LEADER
00000cam a2200000 7i4500
001
0000008621
002
000009397
005
20000330.0
020
|a
0582585082
090
0
0
|a
960.23
|b
MAK
245
1
4
|a
The making of modern Africa
999
|a
0004928
|b
BUKU
|c
PINJAMAN
|e
PERPUSTAKAAN KOMUNITI PETALING JAYA
Similar Items
Africa
by: Reader, John
Published: (2001)
Africa
by: Williams, Heather DiLorenzo
Published: (2019)
Africa
by: Aspen-Baxter, Linda
Published: (2018)
Views of Africa
by: Schutz, Stefan
Published: (2009)
Independent Africa & the world
by: Calvocoressi, Peter
Published: (1986)